Documental del Perú (Record no. 8877)
[ view plain ]
| 000 -CABECERA | |
|---|---|
| campo de control de longitud fija | 00721nam a2200229 a 4500 |
| 001 - NÚMERO DE CONTROL | |
| campo de control | BRL_64 |
| 005 - FECHA Y HORA DE LA ÚLTIMA TRANSACCIÓN | |
| campo de control | 20190320210555.0 |
| 008 - DATOS DE LONGITUD FIJA--INFORMACIÓN GENERAL | |
| campo de control de longitud fija | 041012s1983----pe-a######---#000-0#spa-# |
| 041 ## - CÓDIGO DE LENGUA | |
| Código de lengua del texto/banda sonora o título independiente | spa |
| 044 ## - CÓDIGO DEL PAÍS DE LA ENTIDAD EDITORA/PRODUCTORA | |
| Código MARC del país | pe |
| 050 #4 - SIGNATURA TOPOGRÁFICA DE LA BIBLIOTECA DEL CONGRESO | |
| Número de clasificación | F3431 |
| Número de documento/Ítem | .D63 1983 |
| 245 10 - MENCIÓN DE TÍTULO | |
| Título | Documental del Perú |
| Resto del título | enciclopedia nacional básica |
| Mención de responsabilidad, etc. | Pedro Felipe Cortazar. |
| 260 ## - PUBLICACIÓN, DISTRIBUCIÓN, ETC. | |
| Lugar de publicación, distribución, etc. | Perú |
| Nombre del editor, distribuidor, etc. | IOPPE |
| Fecha de publicación, distribución, etc. | 1983 |
| 300 ## - DESCRIPCIÓN FÍSICA | |
| Extensión | 2 v. |
| Otras características físicas | il. (algunas a color) |
| Dimensiones | 21 cm. |
| 440 #0 - MENCIÓN DE SERIE/PUNTO DE ACCESO ADICIONAL--TÍTULO | |
| Título | Colección Documental del Perú |
| Designación de volumen o secuencia | 3 y 4 |
| 9 (RLIN) | 22806 |
| 500 ## - NOTA GENERAL | |
| Nota general | v.3 Au92. v.4 Au91 |
| 505 0# - NOTA DE CONTENIDO CON FORMATO | |
| Nota de contenido con formato | Contenido: v.3. Departamento de Arequipa. -- v.4. Departamento de Amazonas |
| 651 #4 - PUNTO DE ACCESO ADICIONAL DE MATERIA--NOMBRE GEOGRÁFICO | |
| Nombre geográfico | Perú |
| Subdivisión general | Historia |
| 9 (RLIN) | 15788 |
| 700 1# - PUNTO DE ACCESO ADICIONAL--NOMBRE DE PERSONA | |
| Nombre de persona | Cortazar, Pedro Felipe |
| 9 (RLIN) | 22807 |
| 902 ## - CATALOGADOR | |
| Iniciales | GRL |
| 942 ## - ELEMENTOS DE PUNTO DE ACCESO ADICIONAL (KOHA) | |
| Fuente del sistema de clasificación o colocación | Library of Congress Classification |
| Tipo de ítem Koha | Libros |
| Estado de retiro | Estado de pérdida | Estado dañado | No para préstamo | Localización permanente | Ubicación/localización actual | Fecha de adquisición | Total de préstamos | Signatura topográfica completa | Código de barras | Fecha visto por última vez | Precio válido a partir de | Tipo de ítem Koha |
|---|---|---|---|---|---|---|---|---|---|---|---|---|
| El ejemplar forma parte de la colección y puede ser consultado según las políticas vigentes. | Biblioteca Centro de Estudios Ruth D. Lechuga | Biblioteca Centro de Estudios Ruth D. Lechuga | 04/10/2012 | F3431 .D63 1983 | GRL00063 | 22/03/2019 | 22/03/2019 | Libros | ||||
| El ejemplar forma parte de la colección y puede ser consultado según las políticas vigentes. | Biblioteca Centro de Estudios Ruth D. Lechuga | Biblioteca Centro de Estudios Ruth D. Lechuga | 20/08/2015 | F3431 .D63 1983 | GRL00064 | 22/03/2019 | 22/03/2019 | Libros |